000 01093nam a2200253 i 4500
001 bg
100 1 _aKOSTECKI, Maciej
245 1 0 _aZbiornik Paprocany :
_blimnologia - hydrobiologia /
_cMaciej Kostecki, Mariola Krodkiewska.
260 _aZabrze :
_bInstytut Podstaw Inżynierii Środowiska PAN,
_c2005.
300 _a101 s. :
_bil. (w tym kolr.) ;
_c24 cm.
490 1 _aWorks & Studies / Institute of Environmental Engineering of the Polish Academy of Sciences / Instytut Podstaw Inżynierii Środowiska Polskiej Akademii Nauk =
_aPrace i Studia,
_x0208-4112 ;
_vno. 65
500 _aStreszcz. ang.
504 _aBibliogr. s. 95-97.
651 9 _aTychy (woj. śląskie)
_xJezioro Paprocańskie
_xekologia
651 9 _aTychy (woj. śląskie)
_xJezioro Paprocańskie
_xhydrologia
830 0 _aWorks & Studies (Institute of Environmental Engineering of the Polish Academy of Sciences) ;
_vno. 65
020 _a8392151461
040 _cBPK
041 0 _apol
_beng
080 _a556.5:574.5](438)
920 _a83-921514-6-1
942 _cKS
008 s pl f |000 0 pol
999 _c52606
_d52606
856 _uhttp://koha.tu.koszalin.pl/cgi-bin/koha/opac-detail.pl?biblionumber=52606
_yKatalog online BPK